Các phản ví dụ trong giải tích

שמור ב:
מידע ביבליוגרפי
מחבר ראשי: J Olmsted
פורמט: ספר
שפה:Undetermined
יצא לאור: Hà Nội ĐH và THCN 1982
נושאים:
תגים: הוספת תג
אין תגיות, היה/י הראשונ/ה לתייג את הרשומה!
Thư viện lưu trữ: Trung tâm Học liệu Trường Đại học Cần Thơ
LEADER 00504nam a2200181Ia 4500
001 CTU_1241
008 210402s9999 xx 000 0 und d
082 |a 515 
082 |b G314 
100 |a J Olmsted 
245 0 |a Các phản ví dụ trong giải tích 
245 0 |c J Olmsted, Lê Đình Thịnh 
260 |a Hà Nội 
260 |b ĐH và THCN 
260 |c 1982 
650 |a mathematical analysis 
904 |i Minh, 960812 
980 |a Trung tâm Học liệu Trường Đại học Cần Thơ